000 00625nam a2200169 4500
001 117120
003 ES-MaACL
005 20250902083029.0
007 t|
008 070301s1971 sp r ||||1| spa d
110 2 _aComité de Investigación sobre la Sociedad, el Desarrollo y la Paz.
_bCongreso
_d(1970.
_cBaden)
_9218245
245 1 0 _aPaz, un urgente imperativo
_b: consulta sobre la acción de los cristianos en favor de la paz /
_corganizado por...
260 _a[S. l.] :
_b[s. n.],
_c1971 (
_eBurgos :
_fImp. Aldecoa)
300 _a85 p. ;
_c21 cm.
852 _aES-MaACL
_jC-45262
_bR.76438
999 _c117120
_d117120